| 000 | 00478nam a2200193Ia 4500 | ||
|---|---|---|---|
| 005 | 20240823052827.0 | ||
| 008 | 240823s9999||||xx |||||||||||||| ||und|| | ||
| 020 | _a978-1-60709-343-5 | ||
| 041 | _aENGLISH | ||
| 082 | _A371.207 Q1 | ||
| 100 | _a"Pepper,Matthew J" | ||
| 245 | 0 | _aLeading Schools During Crisis | |
| 250 | _a1st | ||
| 260 |
_c2011 _bRowman & Littlefield Publisher |
||
| 500 | _aYES | ||
| 650 |
_aLeading Schools _bGeneral |
||
| 942 | _cBK | ||
| 999 |
_c222778 _d222778 |
||